Missing Word: Music & Movies (M) II Quiz Stats

 Plays Quiz Updated Dec 18, 2019

Support Sporcle.
Go Orange.
Score 0/26 Timer 02:00
5 Plays Today
Title 'M' Word % Correct
We Wish You a _____ ChristmasMerry
96.2%
_____ MiaMamma
94.3%
If It _____ You HappyMakes
92.2%
Good Golly Miss _____Molly
92.1%
_____ Like JaggerMoves
89%
Full _____ JacketMetal
88.3%
The Sound of _____Music
87.7%
_____ of the PenguinsMarch
87.3%
_____ ViceMiami
86.6%
Call Me _____Maybe
85.5%
The Full _____Monty
82.5%
_____ for NothingMoney
81.4%
Do You Believe in _____Magic
80.2%
Title 'M' Word % Correct
I Can See for _____Miles
79.3%
_____ No. 5 (A Little Bit Of)Mambo
77.3%
_____ MondayManic
75.4%
The Treasure of the Sierra _____Madre
64.8%
_____ LeagueMajor
62.3%
Dangerous _____Minds
61.3%
King Solomon's _____Mines
56.5%
Play _____ for MeMisty
55.3%
This ____ WarMeans
53.8%
The _____ ReturnsMummy
42.7%
_____ YouMarry
27%
Nil by _____Mouth
26.1%
_____ Day ParadeMacy's
20.4%

Today's Daily Dose

You're not logged in!

Compare scores with friends on all Sporcle quizzes.
OR
Log In

From the Vault

Initials In Song Lyrics

by JoeBeta

Whenever musicians start spelling, it's time to get worried.
Remove Ads.
Support Sporcle.
Get the best of Sporcle when you Go Orange. This ad-free experience offers more features, more stats, and more fun while also helping to support Sporcle. Thank you for becoming a member.

Show Comments

Extras

Top Quizzes Today


Score Distribution

Your Account Isn't Verified!

In order to create a playlist on Sporcle, you need to verify the email address you used during registration. Go to your Sporcle Settings to finish the process.

Report this User

Report this user for behavior that violates our Community Guidelines.

Details: